|
|
|
|
| LEADER |
00000nab a2200000 4500 |
| 001 |
vtls011983525 |
| 003 |
SK-MaSNL |
| 005 |
20260318114443.0 |
| 008 |
200723|2020 xo |||| || ||00 0|hun |
| 015 |
|
|
|a SNBRB2020/07
|
| 040 |
|
|
|a DSZK
|b slo
|d DSZK
|e rda
|
| 041 |
|
|
|a hun
|
| 043 |
|
|
|a e-xo---
|
| 044 |
|
|
|a xo
|c SK
|
| 072 |
|
7 |
|a 373.2/.3
|x Predškolská a primárna výchova a vzdelávanie
|2 konspekt
|
| 080 |
|
|
|a 373.2/.3
|x (=511.141)
|x (437.612)
|2 2011
|
| 100 |
1 |
|
|a Reczai, Lilla
|4 aut
|9 1108333
|
| 245 |
1 |
0 |
|a Magyar ovisok a Dunaszerdahelyi járásban
|c Reczai Lilla
|
| 300 |
|
|
|b Fotografie
|
| 336 |
|
|
|a text
|b txt
|2 rdacontent
|
| 337 |
|
|
|a bez média
|b n
|2 rdamedia
|
| 338 |
|
|
|a zväzok
|b nc
|2 rdacarrier
|
| 650 |
0 |
7 |
|a materské školy
|2 SNKPH
|9 1278
|
| 650 |
0 |
7 |
|a materské školy s vyučovacím jazykom maďarským
|2 dszk
|9 854842
|
| 651 |
|
7 |
|a Dunajská Streda (Slovensko : okres)
|2 SNKPHgeo
|9 145813
|
| 773 |
0 |
|
|t Magyar7
|g Évf. III, sz. 29 (2020), o. 36-37
|x 2585-9129
|
| 958 |
|
|
|a SK
|
| 958 |
|
|
|a HU
|
| 958 |
|
|
|a RG
|
| 999 |
|
|
|c 3307021
|d 3308951
|